[Event "CYCC U12"]
[Site "Victoria CAN"]
[Date "2005.03.26"]
[Round "5.4"]
[White "Milner, Aviv"]
[Black "Jiang, Louie"]
[Result "0-1"]
[WhiteElo "1444"]
[BlackElo "1731"]
[PlyCount "66"]
[GameId "2160767910969147"]
[EventDate "2005.03.24"]
[EventType "swiss"]
[EventRounds "7"]
[EventCountry "CAN"]

1. e4 c5 2. Nf3 d6 3. c3 Nf6 4. Bd3 Nc6 5. Bc2 Bg4 6. h3 Bh5 7. d3 e6 8. Bf4 Be7 9. O-O O-O 10. Re1 e5 11. Bh2 Rb8 12. a4 a6 13. Nbd2 b5 14. axb5 axb5 15. b3 b4 16. c4 Nd4 17. Ra4 Ra8 18. Rxa8 Qxa8 19. Qc1 Bxf3 20. Nxf3 Nxf3+ 21. gxf3 Qc8 22. Kg2 h6 23. f4 exf4 24. Bxf4 Nh7 25. Qe3 Ng5 26. Qg3 Qe6 27. Ra1 f5 28. Bxg5 Bxg5 29. f3 fxe4 30. dxe4 Qf6 31. Rf1 Bf4 32. Qg4 Qe5 33. Rd1 Qb2 0-1

[Event "CYCC U12"]
[Site "Victoria CAN"]
[Date "2005.03.26"]
[Round "5.5"]
[White "Szalay, Karoly"]
[Black "Rozybakiyev, Ilchin"]
[Result "1/2-1/2"]
[WhiteElo "1795"]
[BlackElo "1359"]
[PlyCount "70"]
[GameId "2160767910969148"]
[EventDate "2005.03.24"]
[EventType "swiss"]
[EventRounds "7"]
[EventCountry "CAN"]

1. e4 c5 2. Nf3 Nc6 3. d4 cxd4 4. Nxd4 e5 5. Nb5 d6 6. N1c3 a6 7. Na3 b5 8. Nd5 Nge7 9. Be3 Nxd5 10. Qxd5 Qc7 11. f3 Be6 12. Qd2 Be7 13. O-O-O O-O 14. Kb1 Rad8 15. Qf2 Qb7 16. Be2 f5 17. exf5 Bxf5 18. h3 d5 19. g4 Be6 20. c3 d4 21. cxd4 exd4 22. Bxd4 Nxd4 23. Qe3 Qb6 24. Nc2 Bc5 25. Nxd4 Bxd4 26. Qa3 Bc5 27. Qc3 b4 28. Qc2 a5 29. Qe4 Rfe8 30. Rxd8 Rxd8 31. Rc1 Kh8 32. f4 Bg8 33. f5 Rd2 34. g5 Rd6 35. h4 Qc6 1/2-1/2

[Event "CYCC U12"]
[Site "Victoria CAN"]
[Date "2005.03.26"]
[Round "5.6"]
[White "Raymer, Elliot"]
[Black "Zhang, Brent"]
[Result "1/2-1/2"]
[WhiteElo "1481"]
[BlackElo "1558"]
[PlyCount "113"]
[GameId "2160767910969149"]
[EventDate "2005.03.24"]
[EventType "swiss"]
[EventRounds "7"]
[EventCountry "CAN"]

1. e4 e6 2. d4 d5 3. exd5 exd5 4. c4 Nf6 5. Nc3 Be7 6. Nf3 Bg4 7. Be3 O-O 8. b3 Re8 9. Be2 Bb4 10. Bd2 dxc4 11. bxc4 Bxf3 12. gxf3 Qxd4 13. Qb3 Qb6 14. Rg1 Kh8 15. Bg5 Bxc3+ 16. Qxc3 Nbd7 17. O-O-O Ne5 18. f4 Ng6 19. Bf3 Qxf2 20. Bxb7 Rab8 21. Bxf6 Qxf4+ 22. Rd2 Qxf6 23. Qxf6 gxf6 24. Bd5 Ne5 25. Rf1 c6 26. Be4 Nxc4 27. Rd4 Ne5 28. Rxf6 Re6 29. Rxe6 fxe6 30. Rd6 Re8 31. Bxc6 Rc8 32. Rxe6 Rxc6+ 33. Rxc6 Nxc6 34. Kb2 Kg7 35. Kc3 Kf6 36. Kc4 Ne5+ 37. Kb5 Kg5 38. Ka6 Kg4 39. Kxa7 Nc4 40. a4 Na5 41. Ka6 Nb3 42. Kb5 Kh3 43. Kb4 Nd4 44. Kc4 Nc6 45. Kb5 Nb8 46. a5 Kxh2 47. Kb6 Kg3 48. Kb7 Nd7 49. Kc7 Nc5 50. Kc6 Na6 51. Kb6 h5 52. Kxa6 h4 53. Kb7 h3 54. a6 h2 55. a7 h1=Q+ 56. Kb8 Qb1+ 57. Ka8 1/2-1/2

[Event "CYCC U12"]
[Site "Victoria CAN"]
[Date "2005.03.26"]
[Round "5.7"]
[White "MacKinnon, Keith"]
[Black "Wild, Joshua"]
[Result "1-0"]
[WhiteElo "1661"]
[BlackElo "1411"]
[PlyCount "97"]
[GameId "2160767910969150"]
[EventDate "2005.03.24"]
[EventType "swiss"]
[EventRounds "7"]
[EventCountry "CAN"]

1. e4 e5 2. Nf3 Nc6 3. Bb5 a6 4. Ba4 Bc5 5. O-O Nf6 6. Nxe5 Bxf2+ 7. Rxf2 Nxe5 8. d4 Ng6 9. Bg5 h6 10. Bxf6 gxf6 11. Qf3 b5 12. Bb3 d6 13. Qxf6 Qxf6 14. Rxf6 Bb7 15. Nd2 d5 16. Re1 Ke7 17. Rf2 Rhf8 18. exd5+ Kd7 19. d6 f5 20. Rxf5 Rxf5 21. Be6+ Kxd6 22. Bxf5 Nf4 23. g3 Rf8 24. Bg4 h5 25. Rf1 hxg4 26. Rxf4 Rxf4 27. gxf4 Kd5 28. c3 Bc8 29. Kf2 Bf5 30. Nf1 Be6 31. Nd2 b4 32. Ke3 bxc3 33. bxc3 Bf5 34. c4+ Kd6 35. Ne4+ Ke7 36. d5 Kd7 37. Nc5+ Kd6 38. Nxa6 c6 39. dxc6 Kxc6 40. Kd4 Be6 41. Nc5 Bf7 42. f5 Kd6 43. Ne6 Kd7 44. Ke5 Ke7 45. c5 Kd7 46. c6+ Ke7 47. f6+ Ke8 48. Kd6 g3 49. c7 1-0

[Event "CYCC U12"]
[Site "Victoria CAN"]
[Date "2005.03.26"]
[Round "5.8"]
[White "Gupta, Udit"]
[Black "Parker, Dylan"]
[Result "1-0"]
[WhiteElo "1283"]
[BlackElo "765"]
[PlyCount "95"]
[GameId "2160767910969151"]
[EventDate "2005.03.24"]
[EventType "swiss"]
[EventRounds "7"]
[EventCountry "CAN"]

1. e4 e5 2. Nf3 Nc6 3. b3 Bb4 4. Bb2 d6 5. Nc3 Nf6 6. d3 Bg4 7. Be2 O-O 8. O-O Re8 9. Nd5 Nxd5 10. exd5 Ne7 11. c3 Bc5 12. b4 Bb6 13. c4 a5 14. Qd2 c5 15. b5 a4 16. h3 Bf5 17. Bc3 Ba5 18. Bxa5 Rxa5 19. Qc3 Ng6 20. Qd2 f6 21. Rfe1 e4 22. dxe4 Bxe4 23. Bd3 Bxf3 24. Rxe8+ Qxe8 25. Qxa5 Nf4 26. Re1 Qf7 27. Qd8+ Qf8 28. Bxh7+ Kf7 29. Qxf8+ Kxf8 30. gxf3 Nxh3+ 31. Kh2 Ng5 32. Kg2 Nxh7 33. Re6 g5 34. Rxd6 f5 35. Rb6 Kf7 36. Rxb7+ Kg6 37. Rxh7 Kxh7 38. d6 g4 39. d7 gxf3+ 40. Kxf3 Kg6 41. d8=Q f4 42. b6 Kf5 43. b7 Kg6 44. b8=Q Kg7 45. Qg5+ Kf7 46. Qc7+ Ke6 47. Qh6+ Kf5 48. Qxc5# 1-0

[Event "CYCC U12"]
[Site "Victoria CAN"]
[Date "2005.03.26"]
[Round "5.9"]
[White "Landry, Francois Guillaume"]
[Black "Culjaga, Marko"]
[Result "1-0"]
[WhiteElo "1151"]
[BlackElo "1263"]
[PlyCount "77"]
[GameId "2160767910969152"]
[EventDate "2005.03.24"]
[EventType "swiss"]
[EventRounds "7"]
[EventCountry "CAN"]

1. e4 c5 2. Nf3 e6 3. d4 cxd4 4. Nxd4 Nf6 5. f3 Nc6 6. Be3 a6 7. Nb3 Be7 8. a3 Qc7 9. Nc3 d6 10. Qd2 Bd7 11. O-O-O b5 12. Na2 e5 13. Qd3 Rc8 14. f4 exf4 15. Bxf4 Ne5 16. Bxe5 dxe5 17. Nc3 a5 18. Nxb5 Bxb5 19. Qxb5+ Kf8 20. Qe2 Ng4 21. c3 Bxa3 22. Rd3 Rb8 23. bxa3 Rxb3 24. Qxg4 Rxc3+ 25. Rxc3 Qxc3+ 26. Kd1 Qa1+ 27. Ke2 Qb2+ 28. Ke1 Qb1+ 29. Kf2 Qc2+ 30. Kg3 h5 31. Qe2 h4+ 32. Kf2 Qc5+ 33. Qe3 Qc2+ 34. Be2 Rh6 35. Rc1 Qa2 36. Rc8+ Ke7 37. Qa7+ Kf6 38. Rc6+ Kg5 39. Qe3# 1-0

[Event "CYCC U12"]
[Site "Victoria CAN"]
[Date "2005.03.26"]
[Round "5.10"]
[White "Smorshchok, Daniel"]
[Black "Chow, Thomas"]
[Result "1-0"]
[WhiteElo "1102"]
[BlackElo "1288"]
[PlyCount "95"]
[GameId "2160767910969153"]
[EventDate "2005.03.24"]
[EventType "swiss"]
[EventRounds "7"]
[EventCountry "CAN"]

1. e4 c5 2. Nf3 Nc6 3. Bb5 Nf6 4. Bxc6 bxc6 5. Nc3 d5 6. e5 Nd7 7. O-O e6 8. d4 cxd4 9. Qxd4 Bc5 10. Qg4 Kf8 11. Bg5 Be7 12. Be3 c5 13. Bd2 Qc7 14. Nb5 Qb8 15. a4 Nxe5 16. Nxe5 Qxe5 17. Bc3 d4 18. Rfe1 Qf6 19. Bd2 a6 20. Na3 Rb8 21. Nc4 h5 22. Qg3 Rh7 23. Na5 Rxb2 24. Qc7 Bd7 25. Qxd7 Rxc2 26. Rad1 g6 27. Nc6 c4 28. Nxd4 Ra2 29. Re2 e5 30. Nc6 Bc5 31. Bg5 Qxg5 32. Rxa2 Kg7 33. Re1 Rh8 34. Nxe5 Be7 35. Nf3 Qa5 36. Rxe7 Qb6 37. Re1 Rd8 38. Qe7 Qa5 39. Rae2 Rf8 40. Qd7 Rd8 41. Qb7 Qxa4 42. Re7 Rf8 43. Ng5 Qa5 44. Rxf7+ Kh6 45. Qe7 Rh8 46. Nf3 c3 47. Qe3+ g5 48. Qe6# 1-0

[Event "CYCC U12"]
[Site "Victoria CAN"]
[Date "2005.03.26"]
[Round "5.12"]
[White "Keith-Jacques, Liam"]
[Black "Wasser, Reuben"]
[Result "0-1"]
[WhiteElo "1167"]
[BlackElo "1098"]
[PlyCount "72"]
[GameId "2160767910969154"]
[EventDate "2005.03.24"]
[EventType "swiss"]
[EventRounds "7"]
[EventCountry "CAN"]

1. e4 e5 2. Nf3 Nc6 3. Bc4 Bc5 4. O-O d6 5. h3 Nf6 6. Nc3 O-O 7. b3 Be6 8. Bxe6 fxe6 9. Bb2 Nd4 10. Re1 Re8 11. Na4 Nxf3+ 12. Qxf3 Bb6 13. Nxb6 axb6 14. c3 d5 15. d3 c5 16. Qg3 Qc7 17. d4 Nxe4 18. Qxe5 Qxe5 19. dxe5 Rf8 20. f3 Ng5 21. h4 Nf7 22. f4 Nh6 23. g3 Nf5 24. g4 Nxh4 25. Rf1 Ng6 26. Bc1 Rfd8 27. Bd2 d4 28. cxd4 cxd4 29. Rae1 Rd5 30. Re4 Rc8 31. Bb4 Rc2 32. a4 d3 33. f5 exf5 34. Rxf5 d2 35. Ref4 d1=Q+ 36. Rf1 Qxg4+ 0-1

[Event "CYCC U12"]
[Site "Victoria CAN"]
[Date "2005.03.26"]
[Round "5.12"]
[White "Lacouvee, Connor"]
[Black "Choi, David"]
[Result "1/2-1/2"]
[WhiteElo "1172"]
[BlackElo "812"]
[PlyCount "103"]
[GameId "2160767910969155"]
[EventDate "2005.03.24"]
[EventType "swiss"]
[EventRounds "7"]
[EventCountry "CAN"]

1. c4 e5 2. Nc3 Bc5 3. d3 Nf6 4. Bg5 O-O 5. Ne4 Be7 6. Nxf6+ Bxf6 7. Bxf6 Qxf6 8. g3 Nc6 9. Bg2 d6 10. Nf3 Bg4 11. O-O Rad8 12. h3 Bh5 13. Qb3 b6 14. Rfe1 Bxf3 15. Bxf3 Nd4 16. Qd1 Nxf3+ 17. exf3 a5 18. Re4 d5 19. cxd5 Rxd5 20. Rc1 c5 21. Qe2 Re8 22. Re1 Re6 23. f4 exf4 24. Rxe6 fxe6 25. Qxe6+ Qxe6 26. Rxe6 fxg3 27. fxg3 Rxd3 28. Rxb6 Rxg3+ 29. Kh2 Rd3 30. Rb5 Rd2+ 31. Kg3 Rd3+ 32. Kg2 Rd2+ 33. Kf1 c4 34. a3 Kf7 35. b4 c3 36. Ke1 Rd7 37. Rc5 axb4 38. axb4 Rb7 39. b5 Ke6 40. Kd1 Kd6 41. Rh5 h6 42. Kc2 Rc7 43. Rf5 g6 44. Rf6+ Kc5 45. b6 Rb7 46. Kxc3 Rxb6 47. Rxb6 Kxb6 48. Kd4 h5 49. Ke5 g5 50. Kf5 g4 51. hxg4 hxg4 52. Kxg4 1/2-1/2

[Event "CYCC U12"]
[Site "Victoria CAN"]
[Date "2005.03.26"]
[Round "5.13"]
[White "Renaud, Joshua"]
[Black "Tom, Foster"]
[Result "1/2-1/2"]
[WhiteElo "981"]
[BlackElo "988"]
[PlyCount "127"]
[GameId "2160767910969156"]
[EventDate "2005.03.24"]
[EventType "swiss"]
[EventRounds "7"]
[EventCountry "CAN"]

1. Nf3 d5 2. d4 Bg4 3. e3 Nc6 4. c4 Nf6 5. Nc3 e5 6. Be2 e4 7. Nd2 Bxe2 8. Qxe2 Bb4 9. O-O O-O 10. a3 Bxc3 11. bxc3 Ne7 12. Bb2 c6 13. cxd5 cxd5 14. c4 Rc8 15. c5 b6 16. cxb6 Qxb6 17. Rfb1 Rc2 18. Bc3 Qc7 19. Bb4 Rb8 20. Bxe7 Rxb1+ 21. Rxb1 Qxe7 22. Qd1 Rc8 23. Qa4 Qd7 24. Qb4 Qc7 25. a4 a5 26. Qb3 Ng4 27. h3 Nf6 28. Qb2 Nd7 29. Qb7 Qxb7 30. Rxb7 Rd8 31. Rb5 Ra8 32. Rxd5 Nb6 33. Rb5 Nxa4 34. Nb3 Nc3 35. Rxa5 Rxa5 36. Nxa5 Kf8 37. Kf1 Ke7 38. Ke1 Kd6 39. Kd2 Nd5 40. Nc4+ Ke6 41. Ne5 f5 42. f3 exf3 43. Nxf3 h6 44. h4 f4 45. e4 Nf6 46. Kd3 Ng4 47. Ne1 Nf2+ 48. Ke2 Nxe4 49. Kf3 Kf5 50. d5 g5 51. hxg5 hxg5 52. Nd3 g4+ 53. Ke2 Nc3+ 54. Kf2 Nxd5 55. Ne1 Ke4 56. Ke2 Ne3 57. Kf2 g3+ 58. Kg1 Kd4 59. Nf3+ Kd3 60. Ne1+ Ke2 61. Nf3 Ng4 62. Nd4+ Kd3 63. Nf3 Ne3 64. Ne5+ 1/2-1/2

[Event "CYCC U12"]
[Site "Victoria CAN"]
[Date "2005.03.26"]
[Round "5.14"]
[White "Moore, Zachary"]
[Black "Greber, Carter"]
[Result "0-1"]
[WhiteElo "1081"]
[BlackElo "1331"]
[PlyCount "92"]
[GameId "2160767910969157"]
[EventDate "2005.03.24"]
[EventType "swiss"]
[EventRounds "7"]
[EventCountry "CAN"]

1. e4 e5 2. Qf3 Nf6 3. b3 Nc6 4. Bb2 Bd6 5. Bc4 O-O 6. h4 Bc5 7. Ba3 Bxa3 8. Nxa3 Nd4 9. Qd3 d6 10. c3 Ne6 11. Nh3 Nc5 12. Qc2 Ncxe4 13. Ng5 d5 14. f3 Nd6 15. Bxd5 h6 16. Ne4 Nxd5 17. g4 Nxe4 18. fxe4 Nb6 19. g5 h5 20. d3 Qe7 21. Nb5 a6 22. Na3 Qxa3 23. d4 exd4 24. cxd4 Qa5+ 25. Kd1 Bg4+ 26. Kc1 Qb5 27. Re1 Qc6 28. d5 Qxc2+ 29. Kxc2 Rfe8 30. e5 Nxd5 31. Rad1 Bxd1+ 32. Rxd1 Rxe5 33. a4 Ne3+ 34. Kc1 Nxd1 35. Kxd1 Rd8+ 36. Kc2 Re3 37. Kb2 a5 38. g6 fxg6 39. Ka3 Rd1 40. Kb2 Rd2+ 41. Ka3 Re1 42. b4 Rd3+ 43. Kb2 Re2+ 44. Kc1 Rh3 45. Kd1 Ra2 46. Kc1 Rh1# 0-1

[Event "CYCC U12"]
[Site "Victoria CAN"]
[Date "2005.03.26"]
[Round "5.15"]
[White "Patterson, Sean"]
[Black "Miller, Ben"]
[Result "1-0"]
[WhiteElo "1205"]
[BlackElo "847"]
[PlyCount "69"]
[GameId "2160767910969158"]
[EventDate "2005.03.24"]
[EventType "swiss"]
[EventRounds "7"]
[EventCountry "CAN"]

1. e4 e6 2. Nf3 d5 3. Nc3 Bb4 4. Ne5 Qf6 5. Ng4 Qd4 6. Nb5 Qxe4+ 7. Be2 Nc6 8. Nxc7+ Kd8 9. Nxa8 Nd4 10. Ne3 b6 11. f3 Qh4+ 12. g3 Qf6 13. c3 Nxe2 14. cxb4 Nxc1 15. Rxc1 Ne7 16. Qc2 Bb7 17. Qc7+ Ke8 18. Qxb7 Qxb2 19. Ke2 Qxb4 20. Qb8+ Kd7 21. Qxh8 Qb5+ 22. d3 Qb2+ 23. Nc2 Qe5+ 24. Kf2 Qc3 25. Ne3 Qd2+ 26. Kg1 Qxc1+ 27. Kg2 Qxe3 28. Qxh7 Qe2+ 29. Kh3 Qxa2 30. Qxg7 f5 31. Rc1 Kd6 32. Rc7 Nc6 33. Qd7+ Kc5 34. Nxb6 Kd4 35. Qxc6 1-0

[Event "CYCC U12"]
[Site "Victoria CAN"]
[Date "2005.03.26"]
[Round "5.16"]
[White "Herringer, Moise"]
[Black "Taylor, Patrick"]
[Result "1-0"]
[WhiteElo "1152"]
[BlackElo "807"]
[PlyCount "21"]
[GameId "2160767910969159"]
[EventDate "2005.03.24"]
[EventType "swiss"]
[EventRounds "7"]
[EventCountry "CAN"]

1. Nf3 d5 2. e3 e6 3. Bb5+ c6 4. Be2 b5 5. O-O h5 6. Ne5 Bd6 7. f4 f6 8. Bxh5+ Rxh5 9. Qxh5+ g6 10. Qxg6+ Kf8 11. Qf7# 1-0

[Event "CYCC U12"]
[Site "Victoria CAN"]
[Date "2005.03.26"]
[Round "5.17"]
[White "Moore, Jeremy"]
[Black "Nodin, Carl"]
[Result "1-0"]
[WhiteElo "863"]
[BlackElo "846"]
[PlyCount "21"]
[GameId "2160767910969160"]
[EventDate "2005.03.24"]
[EventType "swiss"]
[EventRounds "7"]
[EventCountry "CAN"]

1. e4 Nf6 2. Qf3 d5 3. exd5 Nxd5 4. Bc4 e6 5. Nc3 c6 6. Nh3 Bc5 7. Nf4 Nxc3 8. dxc3 Bd6 9. O-O e5 10. Ng6 fxg6 11. Qf7# 1-0

[Event "CYCC U12"]
[Site "Victoria CAN"]
[Date "2005.03.26"]
[Round "6.1"]
[White "Fan, Brendan"]
[Black "Mai, Lloyd"]
[Result "0-1"]
[WhiteElo "1789"]
[BlackElo "1955"]
[PlyCount "122"]
[GameId "2160767910969163"]
[EventDate "2005.03.24"]
[EventType "swiss"]
[EventRounds "7"]
[EventCountry "CAN"]

1. e4 c5 2. Nc3 Nc6 3. f4 g6 4. Nf3 Bg7 5. Bc4 e6 6. O-O Nge7 7. d3 O-O 8. Qe1 b6 9. f5 d5 10. Bb3 dxe4 11. f6 Bxf6 12. Nxe4 Bg7 13. g4 Nd4 14. Qh4 Ne2+ 15. Kg2 Nxc1 16. Raxc1 Nd5 17. Bxd5 Qxh4 18. Nxh4 exd5 19. Nf6+ Bxf6 20. Rxf6 Bxg4 21. Kg3 Kg7 22. Rf4 Bd7 23. Ng2 Rae8 24. Kf2 g5 25. Rf3 f5 26. Re3 f4 27. Rxe8 Rxe8 28. Rg1 Kf6 29. h4 h6 30. hxg5+ hxg5 31. Ne1 g4 32. Rh1 Kg6 33. Ng2 g3+ 34. Kf3 Kg5 35. Rh4 d4 36. Rxf4 Bc6+ 37. Kxg3 Bxg2 38. Rg4+ Kf5 39. Rf4+ Ke5 40. Rf7 Rg8+ 41. Kf2 a5 42. Re7+ Kd6 43. Rh7 Bd5 44. Rh6+ Kc7 45. Rh7+ Kc6 46. Rh6+ Kb7 47. Rh7+ Ka6 48. Rh2 Bxa2 49. b3 a4 50. bxa4 Ka5 51. Rh6 Bd5 52. Ke2 Rg2+ 53. Kd1 Rg1+ 54. Kd2 Bf3 55. c3 Rg2+ 56. Kc1 dxc3 57. Rh4 Bd5 58. d4 Bb3 59. Rh1 Ra2 60. Kb1 c2+ 61. Kc1 Ra1+ 0-1

[Event "CYCC U12"]
[Site "Victoria CAN"]
[Date "2005.03.26"]
[Round "6.2"]
[White "Jiang, Louie"]
[Black "Xiong, Jerry"]
[Result "0-1"]
[WhiteElo "1731"]
[BlackElo "1832"]
[PlyCount "114"]
[GameId "2160767910969164"]
[EventDate "2005.03.24"]
[EventType "swiss"]
[EventRounds "7"]
[EventCountry "CAN"]

1. e4 c5 2. Nf3 d6 3. d4 cxd4 4. Nxd4 Nf6 5. Nc3 Nc6 6. Be2 g6 7. Be3 Bg7 8. O-O O-O 9. f4 a6 10. a4 Qb6 11. Qd3 Qc7 12. Bf3 Bg4 13. Bxg4 Nxg4 14. Nd5 Qd8 15. Nxc6 bxc6 16. Bb6 Qd7 17. Nc7 Rab8 18. a5 Bxb2 19. Rab1 Bg7 20. Nxa6 Ra8 21. h3 Nf6 22. Nc7 Rac8 23. e5 Ne8 24. Nxe8 Rfxe8 25. Rbd1 d5 26. c4 e6 27. a6 Ra8 28. a7 Qb7 29. Rb1 Qa6 30. Qe3 Qxc4 31. Rfc1 Qa4 32. Ra1 Qb5 33. Qc5 Qxc5+ 34. Rxc5 Rec8 35. Rac1 g5 36. Rxc6 Rxc6 37. Rxc6 gxf4 38. Rd6 Bxe5 39. Rd8+ Rxd8 40. Bxd8 Bd4+ 41. Kf1 Bxa7 42. Bg5 Be3 43. g3 f6 44. Bxf6 fxg3 45. Bh4 Bf2 46. Ke2 e5 47. Kd2 Kf7 48. Ke2 Kg6 49. Kf3 Kf5 50. Ke2 e4 51. Be7 d4 52. Bh4 d3+ 53. Kf1 e3 54. Be7 e2+ 55. Kg2 e1=N+ 56. Kh1 g2+ 57. Kh2 g1=Q# 0-1

[Event "CYCC U12"]
[Site "Victoria CAN"]
[Date "2005.03.26"]
[Round "6.3"]
[White "Szalay, Karoly"]
[Black "Yam, Richard"]
[Result "1-0"]
[WhiteElo "1795"]
[BlackElo "1718"]
[PlyCount "86"]
[GameId "2160767910969165"]
[EventDate "2005.03.24"]
[EventType "swiss"]
[EventRounds "7"]
[EventCountry "CAN"]

1. e4 e6 2. d4 d5 3. exd5 exd5 4. Bd3 Bd6 5. Ne2 Nc6 6. c3 Be6 7. Qc2 h6 8. O-O Qd7 9. b4 a6 10. a4 Nge7 11. Bf4 g5 12. Bxd6 Qxd6 13. f4 f5 14. Nd2 g4 15. b5 Nd8 16. bxa6 bxa6 17. Nb3 Nb7 18. Rfe1 Kf7 19. g3 h5 20. Nec1 Rh6 21. Bf1 Rah8 22. Nd3 Ng6 23. Nbc1 h4 24. Ne5+ Nxe5 25. fxe5 Qe7 26. Nd3 hxg3 27. hxg3 Rh1+ 28. Kf2 c5 29. Nf4 Qc7 30. Qd2 R1h2+ 31. Bg2 Na5 32. Rab1 Nc4 33. Qe2 cxd4 34. cxd4 Qa7 35. Qd3 Qd7 36. Rec1 Rd8 37. Kg1 Rhh8 38. Bxd5 Bxd5 39. Nxd5 Qxd5 40. Qxf5+ Ke8 41. Qg6+ Kf8 42. Rf1+ Ke7 43. Qg7+ Ke8 1-0

[Event "CYCC U12"]
[Site "Victoria CAN"]
[Date "2005.03.26"]
[Round "6.4"]
[White "Rozybakiyev, Ilchin"]
[Black "MacKinnon, Keith"]
[Result "1-0"]
[WhiteElo "1359"]
[BlackElo "1661"]
[PlyCount "53"]
[GameId "2160767910969166"]
[EventDate "2005.03.24"]
[EventType "swiss"]
[EventRounds "7"]
[EventCountry "CAN"]

1. e4 c5 2. Nf3 d6 3. d4 cxd4 4. Nxd4 Nf6 5. Nc3 g6 6. Be3 Bg7 7. Qd2 O-O 8. Be2 Nc6 9. O-O-O Bd7 10. Kb1 Rc8 11. h3 Ne5 12. f4 Nc4 13. Bxc4 Rxc4 14. g4 Qb8 15. Qd3 Rfc8 16. Rd2 b5 17. Nce2 Qc7 18. f5 Nxe4 19. Rdd1 Bc6 20. Rhg1 Bd7 21. Qxe4 e5 22. fxe6 fxe6 23. b3 Rc5 24. Nxe6 Bxe6 25. Qxe6+ Kh8 26. Bxc5 Qxc5 27. Qe4 1-0

[Event "CYCC U12"]
[Site "Victoria CAN"]
[Date "2005.03.26"]
[Round "6.5"]
[White "Zhang, Brent"]
[Black "Gupta, Udit"]
[Result "1-0"]
[WhiteElo "1558"]
[BlackElo "1283"]
[PlyCount "101"]
[GameId "2160767910969167"]
[EventDate "2005.03.24"]
[EventType "swiss"]
[EventRounds "7"]
[EventCountry "CAN"]

1. e4 c5 2. Nf3 Nc6 3. d4 cxd4 4. Nxd4 e6 5. Nc3 Bc5 6. Be3 Bb4 7. Ndb5 Bxc3+ 8. bxc3 d5 9. exd5 exd5 10. Bf4 Nf6 11. Nc7+ Kd7 12. Nxa8 Qa5 13. Qf3 Re8+ 14. Be2 Nd4 15. Qd3 Nxe2 16. Be3 Qxc3+ 17. Kxe2 Qxd3+ 18. Kxd3 b6 19. Nxb6+ axb6 20. Bxb6 Ba6+ 21. Kd2 Ne4+ 22. Kc1 Rc8 23. f3 Nd6 24. Bd4 Nf5 25. Rd1 g6 26. Rd2 Bc4 27. Kd1 Re8 28. a4 Ra8 29. a5 Ra6 30. c3 Nd6 31. Rb2 Nb5 32. Kc2 Kc6 33. Bb6 f5 34. Rbb1 Kd7 35. Re1 Nd6 36. Bc5 Nc8 37. Reb1 Re6 38. Re1 Ra6 39. Re3 f4 40. Re5 Rc6 41. Bb4 Nd6 42. Bxd6 Rxd6 43. Ree1 Ba6 44. Rab1 Rc6 45. Rb6 Rxb6 46. axb6 Kc6 47. Re7 Kxb6 48. Re6+ Kb5 49. Re7 Ka5 50. Rg7 Bc8 51. Kd3 1-0

[Event "CYCC U12"]
[Site "Victoria CAN"]
[Date "2005.03.26"]
[Round "6.6"]
[White "Breel, Kevin"]
[Black "Raymer, Elliot"]
[Result "0-1"]
[WhiteElo "1374"]
[BlackElo "1481"]
[PlyCount "48"]
[GameId "2160767910969168"]
[EventDate "2005.03.24"]
[EventType "swiss"]
[EventRounds "7"]
[EventCountry "CAN"]

1. Nf3 Nc6 2. d4 d5 3. c4 Nf6 4. cxd5 Nxd5 5. e4 Nf6 6. Nc3 Bg4 7. d5 Ne5 8. Be2 Nxf3+ 9. Bxf3 Bxf3 10. Qxf3 Qd7 11. Bf4 O-O-O 12. Rc1 a6 13. Nb5 axb5 14. Rxc7+ Qxc7 15. Bxc7 Kxc7 16. O-O e6 17. dxe6 fxe6 18. e5 Nd7 19. Qc3+ Kb8 20. Rc1 Bc5 21. b4 Bb6 22. Rf1 Rhf8 23. Qg3 Rc8 24. Qxg7 Bxf2+ 0-1

[Event "CYCC U12"]
[Site "Victoria CAN"]
[Date "2005.03.26"]
[Round "6.7"]
[White "Huang, Richard"]
[Black "Landry, Francois Guillaume"]
[Result "1-0"]
[WhiteElo "1477"]
[BlackElo "1151"]
[PlyCount "83"]
[GameId "2160767910969169"]
[EventDate "2005.03.24"]
[EventType "swiss"]
[EventRounds "7"]
[EventCountry "CAN"]

1. e4 b6 2. d4 Bb7 3. Nf3 Bxe4 4. Nc3 Bxf3 5. Qxf3 Nc6 6. Be3 e6 7. a3 a6 8. O-O-O d5 9. Qg3 Nf6 10. Be2 g6 11. Bg5 Bg7 12. Bf4 Ra7 13. Qe3 b5 14. Nxb5 axb5 15. Bxb5 Qd7 16. Qc3 Ne4 17. Qxc6 Qxc6 18. Bxc6+ Kd8 19. Bg3 Nxg3 20. hxg3 Ra5 21. a4 Ke7 22. b3 Kd6 23. Bb5 h5 24. Be2 Rb8 25. g4 Bh6+ 26. Kb2 Rxa4 27. gxh5 gxh5 28. Rxh5 Bg7 29. c3 Bf6 30. Rh7 Ke7 31. Bh5 Bh4 32. Rxf7+ Kd6 33. g3 Bxg3 34. fxg3 Raa8 35. Rff1 Rg8 36. g4 Rg5 37. Rde1 Rag8 38. Rf6 Rxg4 39. Bxg4 Rxg4 40. Rfxe6+ Kd7 41. Re7+ Kd6 42. R1e6# 1-0

[Event "CYCC U12"]
[Site "Victoria CAN"]
[Date "2005.03.26"]
[Round "6.8"]
[White "Keith-Jacques, Liam"]
[Black "Milner, Aviv"]
[Result "0-1"]
[WhiteElo "1167"]
[BlackElo "1444"]
[PlyCount "76"]
[GameId "2160767910969170"]
[EventDate "2005.03.24"]
[EventType "swiss"]
[EventRounds "7"]
[EventCountry "CAN"]

1. e4 c6 2. d4 d5 3. Nc3 dxe4 4. Nxe4 Bf5 5. Ng3 Bg6 6. Nf3 Nf6 7. h4 h6 8. h5 Bh7 9. Bd3 Bxd3 10. Qxd3 e6 11. Bf4 Nd5 12. Bd2 Nd7 13. c4 N5f6 14. Qe2 Bd6 15. Nf5 Bf8 16. Ne3 Be7 17. Nc2 O-O 18. O-O-O Qc7 19. Ne5 Nxe5 20. dxe5 Nd7 21. f4 Rfd8 22. Qg4 Nc5 23. Ne1 Qb6 24. f5 exf5 25. Qxf5 Qa6 26. Qg4 Kh8 27. Rh3 Qxa2 28. Ra3 Nb3+ 29. Rxb3 Qxb3 30. e6 Bf6 31. Nd3 Rxd3 32. Bc3 Rxd1+ 33. Qxd1 Qxd1+ 34. Kxd1 Bxc3 35. bxc3 fxe6 36. Kc2 a5 37. Kb3 a4+ 38. Ka3 e5 0-1

[Event "CYCC U12"]
[Site "Victoria CAN"]
[Date "2005.03.26"]
[Round "6.9"]
[White "Wild, Joshua"]
[Black "Smorshchok, Daniel"]
[Result "1-0"]
[WhiteElo "1411"]
[BlackElo "1102"]
[PlyCount "95"]
[GameId "2160767910969171"]
[EventDate "2005.03.24"]
[EventType "swiss"]
[EventRounds "7"]
[EventCountry "CAN"]

1. e4 c5 2. Nf3 e6 3. d4 cxd4 4. Nxd4 a6 5. Nc3 Qc7 6. a3 Bc5 7. Be3 Nf6 8. Be2 Nc6 9. Nxe6 dxe6 10. Bxc5 b6 11. Bd6 Qd7 12. e5 Ng8 13. Bf3 Bb7 14. O-O Nge7 15. Qd3 O-O 16. Rad1 Nf5 17. Bxf8 Qxd3 18. Rxd3 Rxf8 19. Rd7 Bc8 20. Bxc6 Bxd7 21. Bxd7 Nd4 22. Rd1 Nf5 23. Bc6 Ne7 24. Bb7 a5 25. Rd6 Ng6 26. Rxb6 Nxe5 27. Rb5 Nc4 28. Be4 Rd8 29. Bd3 Nd6 30. Rxa5 g6 31. f3 Nb7 32. Ra7 Nc5 33. Bb5 Kg7 34. b4 Rd2 35. bxc5 Rxc2 36. Ne4 Rc1+ 37. Kf2 Rc2+ 38. Kg3 Rb2 39. Nd6 Rc2 40. Rxf7+ Kh6 41. c6 e5 42. c7 e4 43. c8=Q Rxc8 44. Nxc8 exf3 45. Kxf3 g5 46. Bd3 g4+ 47. Kf4 g3 48. Rxh7# 1-0

[Event "CYCC U12"]
[Site "Victoria CAN"]
[Date "2005.03.26"]
[Round "6.10"]
[White "Greber, Carter"]
[Black "Herringer, Moise"]
[Result "1-0"]
[WhiteElo "1331"]
[BlackElo "1152"]
[PlyCount "61"]
[GameId "2160767910969172"]
[EventDate "2005.03.24"]
[EventType "swiss"]
[EventRounds "7"]
[EventCountry "CAN"]

1. d4 e6 2. e4 c5 3. dxc5 Bxc5 4. Nc3 Nf6 5. Bd3 d5 6. exd5 exd5 7. Qe2+ Be6 8. Bf5 O-O 9. Bxe6 fxe6 10. Nf3 d4 11. Nb5 a6 12. Na3 e5 13. O-O Nbd7 14. Bg5 Re8 15. Qc4+ Kh8 16. Rfe1 b5 17. Bxf6 Qxf6 18. Qd5 Rad8 19. Re2 Qf4 20. Rae1 Bb4 21. Rd1 e4 22. g3 Qxf3 23. Rxd4 Qxe2 24. Rxb4 Qe1+ 25. Kg2 Qxb4 26. f4 e3 27. f5 e2 28. f6 Nxf6 29. Qc6 e1=Q 30. Qb7 Qbe4+ 31. Kh3 1-0